000 01172naa a22003137a 4500
001 BR7503351
003 BR-BrBNA
005 20240918173750.0
007 ta
008 230509b bl.||||| |||| 00| 0 por d
040 _aBR-BrBNA
_bpor
_cBiblioteca Nacional de Agricultura
041 _a(Pt)
072 _aH60
_b2120
_b3876
_bG514
090 _aH60 BR7503351
100 1 _aSouza, I.F. de
100 1 _aFreire, F.M.
100 1 _aRafael, J.O.V.
111 1 _a3. Congresso Brasileiro de Pesquisas Cafeeiras
_cCuritiba, PR (Brazil)
_d18 Nov 1975
245 1 _aEfeito de doses de herbicidas para a cultura cafeeira (Coffea arabica L.)da Zona da Mata e sul de Minas [Brasil]
260 3 _aRio de Janeiro, RJ (Brasil):
_c1975.
500 _aResumos do 3. Congresso Brasileiro de Pesquisas Cafeeiras Rio de Janeiro, RJ (Brasil): 1975. p. 224-225 (BR7503351-AM)H60
650 _aERVA DANINHA
650 _aCAFE
650 _aHERBICIDA
650 _aMINAS GERAIS
773 0 _tResumos do 3. Congresso Brasileiro de Pesquisas Cafeeiras
_wH60 BR7503351
_gRio de Janeiro, RJ (Brasil), 1975. p. 224-225
909 _a202404
_bLucia
_c55
_dLucia Elande
942 _cAM
_2AGRIS
999 _c306731
_d306731